| 000 | 00632nam a2200217Ia 4500 | ||
|---|---|---|---|
| 003 | BUBTL | ||
| 008 | 151213s9999 xx 000 0 und d | ||
| 020 | _a8120328256 | ||
| 082 | _a658.8/ K8487m/ 2006 | ||
| 100 |
_aKotler, Philip _952 |
||
| 245 |
_aPrinciples of Marketing / _cPhilip Kotler, Gray Armstrong |
||
| 250 | _a11th ed. | ||
| 260 |
_aNew Delhi : _bPrentic Hall, _cc2006. |
||
| 300 |
_axviii, 651 p. : _bill. ; _c24 cm. |
||
| 500 | _aIncludes Index. | ||
| 650 |
_aMarketing _92512 |
||
| 700 |
_aArmstrong, Gray _9168 |
||
| 856 |
_k0 _l0 _yDownload |
||
| 942 |
_2ddc _cBK |
||
| 999 |
_c2668 _d2668 |
||